书目信息 |
| 题名: |
意识与社会
|
|
| 作者: | 休斯 著 ;李丰斌 译 | |
| 分册: | ||
| 出版信息: | 北京 商务印书馆 2024.12 |
|
| 页数: | 489页 | |
| 开本: | 21cm | |
| 丛书名: | 汉译世界学术名著丛书 | |
| 单 册: | ||
| 中图分类: | D095 | |
| 科图分类: | ||
| 主题词: | 政治思想史--欧洲--1890-1930 | |
| 电子资源: | ||
| ISBN: | 978-7-100-24616-3 | |
| 000 | 01374oam2 2200337 450 | |
| 001 | 01010041 | |
| 005 | 20251022164025.99 | |
| 010 | @a978-7-100-24616-3@dCNY69.00 | |
| 100 | @a20250108d2024 em y0chiy0120 ea | |
| 101 | 1 | @achi@ceng |
| 102 | @aCN@b110000 | |
| 105 | @ay z 001yy | |
| 106 | @ar | |
| 200 | 1 | @a意识与社会@9yi shi yu she hui@e1890-1930年欧洲社会思想的新取向@f(美)H. 斯图尔特·休斯著@g李丰斌译 |
| 210 | @a北京@c商务印书馆@d2024.12 | |
| 215 | @a489页@d21cm | |
| 225 | 0 | @a汉译世界学术名著丛书@h第二十一辑 |
| 300 | @a汉译名著 | |
| 305 | @aTaylor & Francis出版集团旗下Routledge出版公司授权出版 据Aldine Transaction出版公司2009年版译出 | |
| 306 | @a限中国大陆发行 | |
| 312 | @a版权页英文题名:Consciousness and society | |
| 330 | @a本书研究19世纪末期欧洲不断变化的社会思潮,所涉思想家和问题都颇为广泛,包括克罗齐、涂尔干、弗洛依德、韦伯、尼采,以及其他伟大的欧洲思想家,可以说是对“天才集群”的研究。 | |
| 461 | 0 | @12001 @a汉译世界学术名著丛书 |
| 510 | 1 | @aConsciousness and society@zeng |
| 517 | 1 | @a1890-1930年欧洲社会思想的新取向@91890-1930 nian ou zhou she hui si xiang de xin qu xiang |
| 606 | 0 | @a政治思想史@y欧洲@z1890-1930 |
| 690 | @aD095@v5 | |
| 701 | 1 | @c(美)@a休斯@9xiu si@g(Hughes, H. Stuart)@f(1916-1999)@4著 |
| 702 | 0 | @a李丰斌@9LI FENG BIN@4译 |
| 801 | 0 | @aCN@c20250909 |
| 905 | @a河南城建学院图书馆@dD095@eX657@ZX657@f1 | |
| 意识与社会:1890-1930年欧洲社会思想的新取向/(美)H. 斯图尔特·休斯著/李丰斌译.-北京:商务印书馆,2024.12 |
| 489页;21cm.-(汉译世界学术名著丛书.第二十一辑) |
| 汉译名著 |
| ISBN 978-7-100-24616-3:CNY69.00 |
| 本书研究19世纪末期欧洲不断变化的社会思潮,所涉思想家和问题都颇为广泛,包括克罗齐、涂尔干、弗洛依德、韦伯、尼采,以及其他伟大的欧洲思想家,可以说是对“天才集群”的研究。 |
| ● |
| 相关链接 |
|
|
|
正题名:意识与社会
索取号:D095/X657
 
预约/预借
| 序号 | 登录号 | 条形码 | 馆藏地/架位号 | 状态 | 备注 |
| 1 | 1633107 | 216331075 | 社科库509/509社科库 68排4列6层/ [索取号:D095/X657] | 在馆 |